| 000 | 003820000a22001450004500 | ||
|---|---|---|---|
| 041 | 0 | _aSPA | |
| 082 | 0 | 4 | _aG 813 L4771m |
| 100 | 1 | _aLee, Harper | |
| 245 | 1 | 0 | _aMatar un ruiseñor / Harper Lee; Baldomero Porta, Traductor |
| 260 | _aBogotá, Colombia : Círculo de Lectores | ||
| 300 | _a359 Pag | ||
| 500 | _aTitulo original : To kill a mockingbird | ||
| 001 | 10755 | ||
| 942 | _cBK | ||
| 999 |
_c40207 _d40207 |
||